Women of the night (Registro nro. 304448)

Detalles MARC
000 -ENCABEZADO
Número de control [NR] 01601 a2200325 4500
005 - FECHA Y HORA DE LA ÚLTIMA TRANSACCIÓN
control field 20160915140930.0
008 - DE LONGITUD FIJA DE DATOS DE ELEMENTOS - INFORMACIÓN GENERAL
Elementos de longitud fija [NR] 160909m19482008xxu74 |f |||| 0| 0ujpn d
020 ## - NUMERO INTERNACIONAL NORMALIZADO PARA LIBROS [R]
Número Internacional Normalizado del libro [NR] 715515033527
020 ## - NUMERO INTERNACIONAL NORMALIZADO PARA LIBROS [R]
Número Internacional Normalizado del libro [NR] 9781604650983
040 ## - FUENTE DE CATALOGACION [NR]
Agencia de catalogación original [NR] CO-BoUCM
Idioma de catalogación [NR] spa
Quien Cataloga Saul Niño
Quien Clasifica Saul Niño
041 0# - CODIGO DE IDIOMA [R]
Código de idioma para texto/pista de sonido o título separado [R]
092 ## - SIGNATURA TOPOGRAFICA LOCAL
Número de clasificación local DVD 1538
245 00 - MENCION DE TITULO [NR]
Título [NR] Women of the night
Mención de responsabilidad, etc. [NR] Un film por Kenji Mizoguchi
246 ## - FORMA VARIANTE DEL TITULO [R]
Título propiamente dicho/forma breve del título [NR] Yoru no onnatachi
260 ## - PUBLICACION, DISTRIBUCION, ETC. (PIE DE IMPRENTA) [R]
Lugar de publicación, distribución, etc. [R] New York (Estados Unidos)
Nombre del editor, distribuidor, etc. [R] Janus Films
-- Criterion Collection
Fecha de publicación, distribución, etc. [R] 2008
300 ## - DESCRIPCION FISICA [R]
Extensión [R] 1 DVD, 74 minutos
490 0# - MENCION DE SERIE [R]
Mención de serie [R] Eclipse (Criterion Collection (Firm)), Kenji Mizoguchi's fallen women
Designación numérica/secuencial del volumen [NR] 13
500 ## - NOTA GENERAL [R]
Nota general [NR] [Estrenada en 1948]
500 ## - NOTA GENERAL [R]
Nota general [NR] Basada en la novela Joseimatsuri por Eijiro Hisaita
508 ## - NOTA DE CREDITOS DE CREACION/PRODUCCION [R]
Nota de créditos de creación/producción [NR] Producción Hisao Itoya; Guión Yoshikata Yoda; Cinematografía Minoru Miki ; Editor Tatsuko Sakane; Música por Hisato Osawa ; producción de diseño Hiroshi Mizutani
511 ## - NOTA DE PARTICIPANTE O INTERPRETE [R]
Nota de participante o intérprete [NR] Kinuyo Tanaka, Sanae Takasugi, Tomie Tsunoda, Mitsuo Nagata
520 ## - NOTA DE RESUMEN, ETC. [R]
Nota de sumario, etc. [NR] En Osaka, una secretaria, viuda de guerra, desaparece cuando su hermana se convierte en la amante de su patrón. Algún tiempo después, la encuentran en un hospital para prostitutas.[traducción de www.filmaffinity.com]
546 ## - NOTA DE IDIOMA [R]
Nota de idioma [NR] Audio en japonés, subtítulos en inglés
600 1# - ASIENTO SECUNDARIO DE MATERIA - NOMBRE PERSONAL [R]
Nombre personal [NR] Hisaita, Eijiro
Fechas asociadas con el nombre [NR] 1898-1976
Subdivisión de forma [R] Adaptaciones cinematográficas
9 (RLIN) 79754
650 #7 - ASIENTO SECUNDARIO DE MATERIA - TERMINO TEMATICO [R]
9 (RLIN) 26341
Término temático o nombre geográfico como elemento de entrada [NR] Viudas en el cine
Subdivisión general [R] Aspectos sociales
Subdivisión geográfica [R] Japón
650 #7 - ASIENTO SECUNDARIO DE MATERIA - TERMINO TEMATICO [R]
9 (RLIN) 22624
Término temático o nombre geográfico como elemento de entrada [NR] Prostitución
Subdivisión general [R] Drama
Subdivisión geográfica [R] Japón
690 #0 - ASUNTO AGREGADO LOCAL DE ENTRADA - TÉRMINO TEMÁTICO (OCLC, RLIN)
Acceso temático local Entretenimiento
9 (RLIN) 26487
700 1# - ASIENTO SECUNDARIO - NOMBRE PERSONAL [R]
Nombre personal [NR] Mizoguchi, Kenji
Término de relación [R] director
9 (RLIN) 79755
942 ## - ELEMENTOS DE ENTRADA AGREGADOS (KOHA)
Koha item type Multimedia
Source of classification or shelving scheme LOCAL
Tema principal Entretenimiento
Edition 1
Existencias
Suprimido Perdido Sistema de clasificación Dañado No prestable Tipo de ítem específico Ubicación habitual Ubicación actual Localización Fecha de creación Proveedor Forma de adquisición Costo Signatura topográfica Código de barras Última vez visto Ejemplar Costo de reposición Price effective from Tipo de ítem Total préstamos Total Renewals Fecha de último préstamo
    LOCAL     DVD Claustro Claustro Colección digital 15/09/2016 12 Donación 0.00 DVD 1538 100147099 10/12/2024 Ej.2 26000.00 15/09/2016 Multimedia 1 3 21/10/2016
    LOCAL   Préstamo restringido DVD Procesos Técnicos (no para préstamo) Procesos Técnicos (no para préstamo) Procesos Técnicos 06/09/2016 117 Compra 30200.00 DVD 1538 100149664 09/12/2025 Ej.1 30200.00 06/09/2016 Multimedia